1397 1564 1853 1133 1052 1195 1046 1487 1252 1266 1183 1876 1507 1139 1501 1255 1773 1698 1943 1371 1056 1343 1927 1702 1248 1270 1920 1109 1532 1999 1386 1931 1072 1785 1460 1010 1722 1619 1184 1826 1288 1865 1241 1634 1223 1805 1887 1769 1364 1976 1710 1339 1340 1079 1278 1958 1000 1775 1797 1014 1042 1630 1555 1889 1953 1743 1851 1093 1040 1716 1077 1886 1495 1320 1070 1312 1154 1042 1339 1628 1796 1954 1453 1839 1220 1812 1227 1375 1358 1014 1029 1542 1268 1893 1516 1900 1892 1960 1901 BCNSPRNW ULIB Ver.6.0+V

เปลี่ยนเป็นภาษาไทย

Change to English
 แสดงรายละเอียดบรรณานุกรม
  กลับหน้าหลัก

Brief Record : Get Marc (ISO 2709) : E-mail record : QR code < ปิดหน้าต่าง
LEADER : 00000nam 2200000uu 4500
001    13399125920
003     ULIB
008    171024s2559||||th 000 0 tha d
020    ^a9786164070547
060 04 ^aWS100^bก383p
100 0  ^aกัญญา ศุภปีติพร
245 00 ^aPediatric Practice : Individualized Patient Care in 2016 /^cบรรณาธิการ, กัญญา ศุภปีติพร...[และคนอื่นๆ]
250    ^aพิมพ์ครั้งที่ 1
260    ^aกรุงเทพฯ :^bภาควิชากุมารเวชศาสตร์ คณะแพทยศาสตร์ จุฬาลงกรณ์มหาวิทยาลัย,^c2559
300    ^a349 หน้า :^bภาพประกอบ ;^c27 ซม.
650  7 ^aเด็ก ^xการดูแล
650  7 ^aกุมารเวชศาสตร์
650  7 ^aเด็ก ^xการวินิจฉัย
700 0  ^aวรนุช จงศรีสวัสดิ์,^eบรรณาธิการ
700 0  ^aอังคนีย์ ชะนะกุล,^eบรรณาธิการ
700 0  ^aสุชีรา ฉัตรเพริดพราย,^eบรรณาธิการ
700 0  ^aมณฑิดา วีรวิกรม,^eบรรณาธิการ
710 1  ^aจุฬาลงกรณ์มหาวิทยาลัย. คณะแพทยศาสตร์. ภาควิชากุมารเวชศาสตร์
945    ^p0^l0^i25659
945    ^p0^l0^i25660
945    ^p0^l0^i26163
945    ^p0^l0^i26164
945    ^p0^l0^i26165
945    ^p0^l0^i26166
945    ^p0^l0^i26167
999    ^aกัณชพร จุลอักษร
รายการนี้ยังไม่มีแท็ก
คุณยังไม่ได้ล็อกอิน คุณสามารถมีกิจกรรมร่วมกับเว็บไซต์ได้ แต่ต้องล็อกอินก่อน ::
  ล็อกอิน

รายการสื่อสารสนเทศ

ลำดับที่ ประเภท เลขเรียก/บาร์โค้ด สถานที่ สถานะ
1. หนังสือสำรอง
หนังสือสำรอง
WS100 ก383p ฉ.1 
  Barcode: 25659
ห้องสมุดวิทยาเขตนครสวรรค์
►หนังสือทั่วไป:l:General Books
บนชั้น
2. วิทยาศาสตร์การแพทย์ และสุขภาพ
วิทยาศาสตร์การแพทย์ และสุขภาพ
WS100 ก383p ฉ.2 
  Barcode: 25660
ห้องสมุดวิทยาเขตนครสวรรค์
►หนังสือทั่วไป:l:General Books
บนชั้น
3. วิทยาศาสตร์การแพทย์ และสุขภาพ
วิทยาศาสตร์การแพทย์ และสุขภาพ
WS100 ก383p ฉ.3 
  Barcode: 26163
ห้องสมุดวิทยาเขตนครสวรรค์
►หนังสือทั่วไป:l:General Books
บนชั้น
4. วิทยาศาสตร์การแพทย์ และสุขภาพ
วิทยาศาสตร์การแพทย์ และสุขภาพ
WS100 ก383p ฉ.4 
  Barcode: 26164
ห้องสมุดวิทยาเขตนครสวรรค์
►หนังสือทั่วไป:l:General Books
บนชั้น
5. วิทยาศาสตร์การแพทย์ และสุขภาพ
วิทยาศาสตร์การแพทย์ และสุขภาพ
WS100 ก383p ฉ.5 
  Barcode: 26165
ห้องสมุดวิทยาเขตนครสวรรค์
►หนังสือทั่วไป:l:General Books
บนชั้น
6. วิทยาศาสตร์การแพทย์ และสุขภาพ
วิทยาศาสตร์การแพทย์ และสุขภาพ
WS100 ก383p ฉ.6 
  Barcode: 26166
ห้องสมุดวิทยาเขตนครสวรรค์
►หนังสือทั่วไป:l:General Books
บนชั้น
7. วิทยาศาสตร์การแพทย์ และสุขภาพ
วิทยาศาสตร์การแพทย์ และสุขภาพ
WS100 ก383p ฉ.7 
  Barcode: 26167
ห้องสมุดวิทยาเขตนครสวรรค์
►หนังสือทั่วไป:l:General Books
บนชั้น

รายการใกล้เคียง
    ผู้แต่ง [กัญญา ศุภปีติพร]

    หัวเรื่อง [กุมารเวชศาสตร์]

BibComment


ยังไม่เคยถูกคอมเมนท์

คอมเมนท์ทรัพยากรรายการนี้
  คอมเมนท์: Pediatric Practi..


 Copyright 2026. Bcnsprnw @Library